Alle Pokemon mit "G" - Statistiken

Allgemein
  • Dieses Quiz wurde 679 mal gespielt
    408 seit der letzten Aktualisierung
  • Das Durchschnittsergebnis liegt bei 25 aus 54
Antwortstatistiken
Hint Antwort % Korrekt
Kanto (12) 004 Glumanda
95%
Kanto (12) 006 Glurak
95%
Kanto (12) 005 Glutexo
94%
Kanto (12) 075 Georok
76%
Kanto (12) 076 Geowaz
76%
Kanto (12) 094 Gengar
74%
Kanto (12) 130 Garados
72%
Kanto (12) 118 Goldini
69%
Kanto (12) 119 Golking
69%
Kanto (12) 045 Giflor
68%
Johto (3) 203 Girafarig
67%
Kanto (12) 042 Golbat
67%
Hoenn (7) 254 Gewaldro
64%
Hoenn (7) 252 Geckarbor
62%
Hoenn (7) 282 Guardevoir
61%
Sinnoh (5) 475 Galagladi
59%
Kanto (12) 078 Gallopa
58%
Sinnoh (5) 487 Giratina
57%
Sinnoh (5) 453 Glibunkel
57%
Hoenn (7) 383 Groudon
56%
Einall (13) 623 Golgantes
52%
Einall (13) 622 Golbit
51%
Johto (3) 190 Griffel
43%
Hoenn (7) 264 Geradaks
42%
Johto (3) 210 Granbull
41%
Einall (13) 627 Geronimatz
40%
Einall (13) 630 Grypheldis
40%
Galar (4) 812 Gortrom
39%
Sinnoh (5) 471 Glaziola
38%
Einall (13) 582 Gelatini
37%
Sinnoh (5) 423 Gastrodon
36%
Hoenn (7) 283 Gehweiher
36%
Einall (13) 564 Galapaflos
35%
Einall (13) 624 Gladiantri
35%
Kalos (2) 660 Grebbit
35%
Einall (13) 583 Gelatroppo
34%
Einall (13) 584 Gelatwino
34%
Alola (3) 771 Gufa
34%
Paldea (5) 999 Gierspenst
33%
Einall (13) 551 Ganovil
31%
Alola (3) 747 Garstella
31%
Kalos (2) 679 Gramokles
31%
Alola (3) 784 Grandiras
30%
Einall (13) 649 Genesect
29%
Hoenn (7) 326 Groink
28%
Einall (13) 514 Grillchita
26%
Einall (13) 513 Grillmak
25%
Paldea (5) 983 Gladimperio
24%
Galar (4) 828 Gaunux
21%
Paldea (5) 959 Granforgita
21%
Paldea (5) 932 Geosali
20%
Paldea (5) 971 Gruff
19%
Galar (4) 885 Grolldra
18%
Galar (4) 864 Gorgasonn
14%
Keine übereinstimmenden Quizze gefunden
Verteilung der Resultate
Anzahl Personen mit jedem Resultat
Perzentil nach korrekt beantworteten Fragen
Ihre Resultats-Entwicklung
Sie haben dieses Quiz seit der letzten Aktualisierung nicht gespielt